000 01034nam a2200325Ia 4500
003 OSt
005 20220912145321.0
006 a|||||r|||| 00| 0
007 ta
008 220909b |||||||| |||| 00| 0 eng d
020 _a9788181280121 (pbk)
024 _a95155
037 _b302, 06/02/2010, N R Book Distributors
037 _cTextual
040 _aCSL
_beng
_cCSL
041 _aeng
082 _aB7:355, P3;1-;5
100 _aLakshmanan M
245 0 _aNonlinear dynamics:integrability, chaos, and patterns
260 _aHeidelberg
_bSpringer
_c2003
300 _axx, 619p.
_ccm.
490 _aAdvanced texts in physics
500 _aAppendices A-J, 523-584p.; Glossary 585-596p.; References 597-610p.; Index 611-619p.
650 _a Nonlinear dynamics
650 _aPhysics
700 _a Rajasekar S
942 _hB7:355, P3;1-;5
_cTEXL
_2CC
999 _c28823
_d28823